00293nam a2200097Ia 4500008004000000082001400040100003400054245004200088260005800130300000700188210210b1984 xxu||||| |||| 00| 0 eng d a954K ISHS aISHWARA BHATTA (Shirankallu). aShree Rama janmabhumiya karuna kathe. aShirankallu.bSamskrathika Sahitya Prakashana.,c1984 a63